Stanley cup winners from Finland - Statistics

General Stats
  • This quiz has been taken 1,933 times
    1,352 since last reset
  • The average score is 15 of 22
Answer Stats
Answer % Correct
1984 Edmonton Oilers Forward Jari Kurri
94%
1985 Edmonton Oilers Forward Jari Kurri
94%
1987 Edmonton Oilers Forward Jari Kurri
94%
1988 Edmonton Oilers Forward Jari Kurri
94%
1990 Edmonton Oilers Forward Jari Kurri
94%
2007 Anaheim Ducks Forward Teemu Selänne
90%
2011 Boston Bruins Goaltender Tuukka Rask
79%
1985 Edmonton Oilers Forward Esa Tikkanen
71%
1987 Edmonton Oilers Forward Esa Tikkanen
71%
1988 Edmonton Oilers Forward Esa Tikkanen
71%
1990 Edmonton Oilers Forward Esa Tikkanen
71%
1994 New York Rangers Forward Esa Tikkanen
71%
2016 Pittsburgh Penguins Defender Olli Määttä
63%
2017 Pittsburgh Penguins Defender Olli Määttä
63%
2010 Chicago Blackhawks Goaltender Antti Niemi
61%
1999 Dallas Stars Forward Jere Lehtinen
61%
2008 Detroit Red Wings Forward Valtteri Filppula
56%
2015 Chicago Blackhawks Defender Kimmo Timonen
55%
2015 Chicago Blackhawks Forward Teuvo Teräväinen
55%
1987 Edmonton Oilers Defeder Reijo Ruotsalainen
42%
1990 Edmonton Oilers Defender Reijo Ruotsalainen
42%
2001 Colorado Avalanche Forward Ville Nieminen
42%
No matching quizzes found
Score Distribution
Percent of People with Each Score
Percentile by Number Answered
Your Score History
You have not taken this quiz since the last reset